Акустические волны в твердых телах (Запись № 906491)

Подробности
000 -МАРКЕР
контрольное поле 02143nam1a2200373 i 4500
001 - ИДЕНТИФИКАТОР ЗАПИСИ
контрольное поле RU\NLR\bibl\160774
005 - ИДЕНТИФИКАТОР ВЕРСИИ
контрольное поле 20260406060953.0
035 ## - ДРУГИЕ СИСТЕМНЫЕ НОМЕРА
Идентификатор записи (NLR Aleph) 000157700
100 ## - ДАННЫЕ ОБЩЕЙ ОБРАБОТКИ
Данные общей обработки 20010605g19 9999u y0rusy50 ca
101 0# - ЯЗЫК РЕСУРСА
Язык текста, звукозаписи и т.д. русский
102 ## - СТРАНА ПУБЛИКАЦИИ ИЛИ ПРОИЗВОДСТВА
Страна публикации Российская Федерация
105 ## - ПОЛЕ КОДИРОВАННЫХ ДАННЫХ: ТЕКСТОВЫЕ МАТЕРИАЛЫ, МОНОГРАФИЧЕСКИЕ
Кодированные данные о монографическом текстовом документе a |||||||||
200 1# - ЗАГЛАВИЕ И СВЕДЕНИЯ ОБ ОТВЕТСТВЕННОСТИ
Основное заглавие Акустические волны в твердых телах
Параллельное заглавие Acoustic waves in solids
Сведения, относящиеся к заглавию Учеб. пособие для студентов ст. курсов физ. фак.
Первые сведения об ответственности И.А. Бородина, С.Г. Джоши, Б.Д. Зайцев, И.Е. Кузнецова
Последующие сведения об ответственности Сарат. гос. ун-т им. Н.Г. Чернышевского
Язык параллельного заглавия английский
210 ## - ПУБЛИКАЦИЯ, РАСПРОСТРАНЕНИЕ И ДР.
Место издания, распространения и т.д. Саратов
Имя издателя, распространителя и т. д. Изд-во Сарат. ун-та
Дата издания, распространения и т.д. 2000
215 ## - ФИЗИЧЕСКАЯ ХАРАКТЕРИСТИКА
Размеры 20
300 ## - ОБЩИЕ ПРИМЕЧАНИЯ
Текст примечания Авт. также на англ. яз.: I.A. Borodina, S.G. Joshi, B.D. Zaitsev, I.E. Kuznetsova
300 ## - ОБЩИЕ ПРИМЕЧАНИЯ
Текст примечания Предисл. парал. на рус. и англ. яз.
463 #0 - УРОВЕНЬ ФИЗИЧЕСКОЙ ЕДИНИЦЫ
Встроенное поле 001156161
463 #0 - УРОВЕНЬ ФИЗИЧЕСКОЙ ЕДИНИЦЫ
Встроенное поле 001198531
510 0# - ПАРАЛЛЕЛЬНОЕ ЗАГЛАВИЕ
Параллельное заглавие Acoustic waves in solids
Сведения, относящиеся к заглавию Text book for high course students of physics department
Язык заглавия английский
606 ## - НАИМЕНОВАНИЕ ТЕМЫ КАК ПРЕДМЕТ
Наименование темы Акустические волны в твердых телах
Формальный подзаголовок Руководства, пособия и т.п. для высшей школы
Системный номер авторитетной/нормативной записи 2145734
Идентификатор авторитетной/нормативной записи RU\NLR\auth\661292773
606 ## - НАИМЕНОВАНИЕ ТЕМЫ КАК ПРЕДМЕТ
Наименование темы Акустические волны
Формальный подзаголовок Учебные издания для высшей школы
Тематический подзаголовок Распространение в твердых телах
Системный номер авторитетной/нормативной записи 2207445
Идентификатор авторитетной/нормативной записи RU\NLR\auth\661326184
686 ## - ИНДЕКСЫ ДРУГИХ КЛАССИФИКАЦИЙ
Индекс В325я73-1
701 #1 - ИМЯ ЛИЦА - АЛЬТЕРНАТИВНАЯ ОТВЕТСТВЕННОСТЬ
Начальный элемент ввода Бородина
Часть имени, кроме начального элемента ввода И. А.
Расширение инициалов личного имени Ирина Анатольевна
Код отношения Автор
701 #1 - ИМЯ ЛИЦА - АЛЬТЕРНАТИВНАЯ ОТВЕТСТВЕННОСТЬ
Код отношения Автор
Материалы, к которым относится поле rus
Графика поля Кириллица
Начальный элемент ввода Джоши
Часть имени, кроме начального элемента ввода С. Г.
Идентификатор авторитетной/нормативной записи RU\NLR\auth\7711182
Системный номер авторитетной/нормативной записи 120936
701 #1 - ИМЯ ЛИЦА - АЛЬТЕРНАТИВНАЯ ОТВЕТСТВЕННОСТЬ
Код отношения Автор
Материалы, к которым относится поле rus
Графика поля Кириллица
Начальный элемент ввода Зайцев
Часть имени, кроме начального элемента ввода Б. Д.
Дополнения к именам, кроме дат д-р физ.-мат. наук
Даты 1949-
Расширение инициалов личного имени Борис Давыдович
Идентификатор авторитетной/нормативной записи RU\NLR\AUTH\7735703
Системный номер авторитетной/нормативной записи 18700
701 #1 - ИМЯ ЛИЦА - АЛЬТЕРНАТИВНАЯ ОТВЕТСТВЕННОСТЬ
Код отношения Автор
Материалы, к которым относится поле rus
Графика поля Кириллица
Начальный элемент ввода Кузнецова
Часть имени, кроме начального элемента ввода И. Е.
Дополнения к именам, кроме дат д-р физ.-мат. наук
Расширение инициалов личного имени Ирен Евгеньевна
Идентификатор авторитетной/нормативной записи RU\NLR\auth\7770409
Системный номер авторитетной/нормативной записи 53337
801 #0 - ИСТОЧНИК ЗАПИСИ
Страна Российская Федерация
Организация NLR
Дата составления 20010605
Правила каталогизации PSBO
801 #1 - ИСТОЧНИК ЗАПИСИ
Страна Российская Федерация
Организация NLR
Дата составления 20010605
852 ## - МЕСТОНАХОЖДЕНИЕ И ШИФР ХРАНЕНИЯ
Идентификатор организации NLR
Шифр хранения (Call Number) 2001-4/3219
942 ## - ДОПОЛНИТЕЛЬНЫЕ ЭЛЕМЕНТЫ ЗАПИСИ (АБИС)
Тип экземпляра АБИС Книга

Нет доступных экземпляров.